000
00459nam a2200145Ia 4500
008
151213s9999 xx 000 0 und d
100
_a
আল মুজাহিদী।
245
_a
প্রেমের কবিতা।
_c
আল মুজাহিদী।
260
_a
ঢাকা
_b
টুম্পা।
_c
2002
300
_a
8724 p.
650
_a
Bangla
650
_a
কবিতা
700
_a
আল মুজাহিদী।
999
_c
4510
_d
4510